• AIU
  • Tony Wilmot Memorial Library

Doomsday flight /. (Record no. 42564)

MARC details
000 -LEADER
fixed length control field 00377nam a22001571a 4500
003 - CONTROL NUMBER IDENTIFIER
control field NEGST
005 - DATE AND TIME OF LATEST TRANSACTION
control field 20110718133822.0
008 - FIXED-LENGTH DATA ELEMENTS--GENERAL INFORMATION
fixed length control field 030714s1995 001 0 eng d
020 ## - INTERNATIONAL STANDARD BOOK NUMBER
International Standard Book Number 1564764826
100 1# - MAIN ENTRY--PERSONAL NAME
Personal name Stewart, Ed.
245 10 - TITLE STATEMENT
Title Doomsday flight /.
260 ## - PUBLICATION, DISTRIBUTION, ETC. (IMPRINT)
Place of publication, distribution, etc Wheaton :
Name of publisher, distributor, etc Victor Books,
Date of publication, distribution, etc 1995.
300 ## - PHYSICAL DESCRIPTION
Extent 46p.
590 ## - LOCAL NOTE (RLIN)
Local note Accession number: 30551
Holdings
Withdrawn status Lost status Source of classification or shelving scheme Damaged status Not for loan Collection code Home library Current library Shelving location Date acquired Cost, normal purchase price Total Checkouts Total Renewals Full call number Barcode Date last seen Date checked out Copy number Price effective from Koha item type
    Library of Congress Classification     Fiction AIU/NEGST - Tony Wilmot Memorial Library AIU/NEGST - Tony Wilmot Memorial Library Fiction 01/20/2010 9.00 1 1 FIC PS 3569.T4599D66 1995 R23416P3232 09/29/2019 10/30/2012 1 01/20/2010 Books